[Event "VIII Festival A"]
[Site "Amantea ITA"]
[Date "2010.09.05"]
[Round "9"]
[White "Scerbo, Antonio"]
[Black "Hajenius, Willem"]
[Result "1/2-1/2"]
[WhiteElo "2116"]
[BlackElo "2050"]
[PlyCount "78"]
[EventDate "2010.08.29"]

1. d4 f5 2. g3 Nf6 3. Bg2 g6 4. Nf3 Bg7 5. O-O O-O 6. c4 c6 7. Nc3 d6 8. Qb3
Na6 9. Rd1 Kh8 10. a3 Qe8 11. Bf4 Nh5 12. Be3 f4 13. Bd2 e5 14. dxe5 Nc5 15.
Qa2 dxe5 16. b4 Ne6 17. Ne4 Nd4 18. Bc3 fxg3 19. hxg3 Bf5 20. Nd6 Qe7 21. Nxd4
exd4 22. Nxf5 Rxf5 23. Bxd4 Bxd4 24. Rxd4 Nxg3 25. e4 c5 26. exf5 Ne2+ 27. Kf1
Nxd4 28. fxg6 hxg6 29. Qd2 Kh7 30. Re1 Qf7 31. Bd5 Qc7 32. Qg5 Nf5 33. Kg2 Rf8
34. Re6 Qg7 35. Re1 Qf6 36. Rh1+ Kg7 37. Qf4 cxb4 38. axb4 b6 39. Qc7+ Ne7
1/2-1/2

[Event "Open A Befana"]
[Site "Milano ITA"]
[Date "2010.01.02"]
[Round "1"]
[White "Astengo, Corrado"]
[Black "Arboscelli, Gregorio"]
[Result "1-0"]
[WhiteElo "2142"]
[BlackElo "1885"]
[PlyCount "83"]
[EventDate "2010.01.02"]

1. e4 e5 2. Nf3 Nc6 3. Bc4 Be7 4. d4 d6 5. h3 exd4 6. Nxd4 Nxd4 7. Qxd4 Nf6 8.
Nc3 Be6 9. Bxe6 fxe6 10. e5 dxe5 11. Qxe5 Qd7 12. O-O Bd6 13. Qe2 O-O 14. Re1
Rae8 15. Bg5 e5 16. Rad1 Qf5 17. Bxf6 Rxf6 18. Ne4 Rfe6 19. Rd3 h6 20. Rf3 Qg6
21. Qc4 Kh7 22. Ree3 R8e7 23. Rg3 Qe8 24. Qd3 Kh8 25. Rg4 Rf7 26. Reg3 Bf8 27.
Rf3 Rxf3 28. Qxf3 b6 29. Qf5 Qe7 30. Rg3 Qe8 31. Rc3 c5 32. Rd3 Qe7 33. Qg4 Qe8
34. Qd1 Be7 35. Rd7 a5 36. Qd5 Qg6 37. Rb7 Kh7 38. Rb8 Qf5 39. Ng3 Qg6 40. Qa8
Qf7 41. Rh8+ Kg6 42. Qe4+ 1-0

[Event "Open A Befana"]
[Site "Milano ITA"]
[Date "2010.01.02"]
[Round "1"]
[White "Astengo, Marcello"]
[Black "Nepi, Ezio"]
[Result "1-0"]
[WhiteElo "2104"]
[BlackElo "1862"]
[PlyCount "47"]
[EventDate "2010.01.02"]

1. d4 d5 2. c4 c6 3. Nc3 Nf6 4. e3 e6 5. Nf3 Nbd7 6. Bd3 dxc4 7. Bxc4 b5 8. Bb3
a6 9. O-O Bb4 10. Qe2 O-O 11. Rd1 Bb7 12. e4 Re8 13. e5 Nd5 14. Ne4 Nf8 15. Bg5
Qc7 16. Rac1 Ng6 17. a3 Bf8 18. g3 h6 19. Bd2 Rac8 20. h4 Red8 21. h5 Nh8 22.
Nh4 Qe7 23. Qg4 Re8 24. Bxd5 1-0

[Event "Open A Befana"]
[Site "Milano ITA"]
[Date "2010.01.02"]
[Round "1"]
[White "Attuati, Stefano"]
[Black "Rota, Simone"]
[Result "0-1"]
[WhiteElo "1812"]
[BlackElo "2024"]
[PlyCount "46"]
[EventDate "2010.01.02"]

1. e4 c5 2. Nf3 d6 3. d4 cxd4 4. Nxd4 Nf6 5. Nc3 e6 6. Be2 Be7 7. Be3 O-O 8.
O-O a6 9. f4 Qc7 10. Bf3 Nc6 11. Qe1 Bd7 12. Kh1 Rac8 13. g4 Nxd4 14. Bxd4 e5
15. Be3 Bxg4 16. Qg3 Bxf3+ 17. Rxf3 Qc6 18. fxe5 Nxe4 19. Nxe4 Qxe4 20. Bf4 Bh4
21. Qh3 dxe5 22. Bxe5 Qxe5 23. Qxh4 Rxc2 0-1

[Event "Open A Befana"]
[Site "Milano ITA"]
[Date "2010.01.02"]
[Round "1"]
[White "Bemporad, Filippo"]
[Black "Perrotta, Leopoldo"]
[Result "1-0"]
[WhiteElo "2081"]
[BlackElo "1855"]
[PlyCount "157"]
[EventDate "2010.01.02"]

1. d4 Nf6 2. Nf3 e6 3. g3 d5 4. Bg2 c6 5. O-O Nbd7 6. c4 Be7 7. Nc3 dxc4 8. a4
O-O 9. e4 Bb4 10. Qe2 a5 11. Rd1 Nb6 12. Ne5 Nfd7 13. Nxc4 Nxc4 14. Qxc4 Qe7
15. Be3 Nb6 16. Qb3 c5 17. d5 exd5 18. Nxd5 Nxd5 19. exd5 Bg4 20. Rdc1 Rac8 21.
Qd3 Qd7 22. Be4 f5 23. Bg2 Rf6 24. b3 Bh5 25. Bf4 Bf7 26. Bf3 h6 27. h4 Re8 28.
Be3 Rd8 29. Bxc5 Bxd5 30. Bxb4 axb4 31. Bxd5+ Qxd5 32. Qc4 Qxc4 33. Rxc4 Rb6
34. Re1 Rd3 35. a5 Rb5 36. Re7 Rxb3 37. Rcc7 Rxa5 38. Rxg7+ Kh8 39. Rh7+ Kg8
40. Rcg7+ Kf8 41. Rxb7 Kg8 42. Rxh6 Rb1+ 43. Kg2 b3 44. Rc6 Ra8 45. Rc3 b2 46.
Rc2 Re8 47. Rcxb2 Rxb2 48. Rxb2 Kg7 49. Rb6 Re4 50. Rb2 Kh6 51. f3 Rd4 52. Kh3
Rd3 53. Kg2 Kg6 54. Kf2 Rc3 55. Ke2 Ra3 56. Rd2 Kf6 57. Rd3 Ra2+ 58. Ke3 Ra4
59. Rd4 Ra3+ 60. Kf4 Ra6 61. g4 Rb6 62. h5 fxg4 63. fxg4 Rb1 64. Rd6+ Kg7 65.
Rd4 Rf1+ 66. Kg5 Ra1 67. Rd7+ Kg8 68. h6 Ra5+ 69. Kh4 Ra4 70. Kh5 Ra5+ 71. g5
Ra1 72. Rd8+ Kf7 73. g6+ Ke7 74. Rb8 Rh1+ 75. Kg5 Rg1+ 76. Kf5 Rf1+ 77. Ke4
Re1+ 78. Kd3 Rg1 79. h7 1-0

[Event "Open A Befana"]
[Site "Milano ITA"]
[Date "2010.01.02"]
[Round "1"]
[White "Cartella, Giovanni"]
[Black "Barberi, Alessandro"]
[Result "0-1"]
[WhiteElo "1862"]
[BlackElo "2112"]
[PlyCount "80"]
[EventDate "2010.01.02"]

1. d4 g6 2. Nf3 Bg7 3. Bg5 d6 4. e3 c5 5. c3 Nd7 6. Nbd2 a6 7. Bd3 b5 8. Qe2
Bb7 9. e4 f6 10. Be3 e5 11. O-O Ne7 12. Rfd1 Qc7 13. Rac1 O-O 14. Nf1 c4 15.
Bb1 d5 16. Ng3 Rae8 17. Qd2 f5 18. exf5 e4 19. Ng5 Nxf5 20. Nxf5 Rxf5 21. f3 h6
22. Nh3 Kh7 23. fxe4 dxe4 24. Rf1 Ref8 25. Rf4 Rxf4 26. Nxf4 Qd6 27. Rf1 Nf6
28. Qe2 Bc6 29. Nh3 Qe6 30. Rf4 g5 31. Rf1 Kg8 32. Nf2 Be8 33. h3 Bg6 34. Ng4
Nd5 35. Rxf8+ Kxf8 36. Qf2+ Kg8 37. Qg3 b4 38. cxb4 Nxe3 39. Qxe3 Qd5 40. Ne5
Bxe5 0-1

[Event "Open A Befana"]
[Site "Milano ITA"]
[Date "2010.01.02"]
[Round "1"]
[White "Cazzaniga, Walter"]
[Black "Colombo, Luca"]
[Result "0-1"]
[WhiteElo "2119"]
[BlackElo "1874"]
[PlyCount "56"]
[EventDate "2010.01.02"]

1. d4 Nf6 2. c4 e5 3. dxe5 Ng4 4. Bf4 g5 5. Bg3 Bg7 6. Nf3 Nc6 7. Nc3 Ngxe5 8.
Nxe5 Nxe5 9. e3 h5 10. Qc2 h4 11. Bxe5 Bxe5 12. f4 gxf4 13. exf4 Bg7 14. O-O-O
a6 15. Re1+ Kf8 16. Bd3 c6 17. Kb1 d6 18. Ne4 Bf5 19. Ng5 Bxd3 20. Qxd3 Qf6 21.
Qd2 d5 22. Qb4+ Kg8 23. Qxb7 Rf8 24. Rhf1 Rh5 25. cxd5 cxd5 26. g4 hxg3 27.
hxg3 Rh2 28. Ka1 Rxb2 0-1

[Event "Open A Befana"]
[Site "Milano ITA"]
[Date "2010.01.02"]
[Round "1"]
[White "Corti, Massimo"]
[Black "Scagliotti, Guglielmo"]
[Result "1-0"]
[WhiteElo "2025"]
[BlackElo "1817"]
[PlyCount "79"]
[EventDate "2010.01.02"]

1. d4 Nf6 2. Nf3 g6 3. g3 Bg7 4. Bg2 O-O 5. O-O d6 6. c4 Nbd7 7. Nc3 c5 8. e4
cxd4 9. Nxd4 Nc5 10. h3 Nfd7 11. Be3 Ne5 12. Qe2 Be6 13. Nd5 Bxd5 14. exd5 Rc8
15. f4 Ned7 16. Rad1 Nf6 17. Bf2 a6 18. Rfe1 Re8 19. Qd2 Qc7 20. b3 Kh8 21. Re2
Ng8 22. h4 h5 23. Qe1 Nh6 24. Bh3 Ng4 25. Bxg4 hxg4 26. f5 Be5 27. Qd2 Kh7 28.
Qg5 Nd7 29. fxg6+ fxg6 30. Ne6 Qa5 31. Qxg4 Nf6 32. Ng5+ Kg7 33. Qe6 Rc7 34.
Qf7+ Kh6 35. Be3 e6 36. Nxe6+ Kh5 37. Nxc7 Rh8 38. Ne6 Ng4 39. Ng7+ Bxg7 40.
Qxg7 1-0

[Event "Open A Befana"]
[Site "Milano ITA"]
[Date "2010.01.02"]
[Round "1"]
[White "Damia, Angelo"]
[Black "Bisignano, Giuseppe"]
[Result "1-0"]
[WhiteElo "2315"]
[BlackElo "1942"]
[PlyCount "69"]
[EventDate "2010.01.02"]

1. e4 e5 2. Nc3 Nf6 3. Nf3 Nc6 4. a3 Bc5 5. Nxe5 O-O 6. Nd3 Bd4 7. Be2 Re8 8.
O-O d6 9. Bf3 a6 10. Re1 Nd7 11. Nf4 Nde5 12. d3 Bg4 13. Bxg4 Qh4 14. g3 Bxf2+
15. Kg2 Qxg4 16. Kxf2 Nd4 17. Rb1 Qd7 18. Kg2 c6 19. Be3 Ndf3 20. Rf1 Nxh2 21.
Rh1 Nhg4 22. Bg1 d5 23. exd5 cxd5 24. Ncxd5 Rac8 25. c4 g5 26. d4 gxf4 27. dxe5
Kh8 28. e6 Qxe6 29. Bd4+ f6 30. Qd3 Qd7 31. Nxf6 f3+ 32. Qxf3 Nxf6 33. Qxf6+
Kg8 34. Qh8+ Kf7 35. Rxh7+ 1-0

[Event "Open A Befana"]
[Site "Milano ITA"]
[Date "2010.01.02"]
[Round "1"]
[White "De Santis, Massimo"]
[Black "Bertazzo, Giorgio"]
[Result "1/2-1/2"]
[WhiteElo "1893"]
[BlackElo "2105"]
[PlyCount "63"]
[EventDate "2010.01.02"]

1. e4 e5 2. Nf3 Nc6 3. Bb5 g6 4. c3 d6 5. h3 Bd7 6. O-O Bg7 7. Re1 Nge7 8. d4
O-O 9. Bg5 h6 10. Bxe7 Qxe7 11. d5 Nb8 12. Qe2 a6 13. Bxd7 Nxd7 14. Nbd2 Nf6
15. g4 Nh7 16. Qe3 f5 17. gxf5 gxf5 18. exf5 Rxf5 19. Kh2 Raf8 20. Rg1 Ng5 21.
Rg3 Qf6 22. Nxg5 Rxf2+ 23. Kh1 hxg5 24. Rxg5 Qf4 25. Qxf4 R8xf4 26. Rag1 Rf7
27. R1g2 Rxg2 28. Kxg2 Kh7 29. Ne4 Bh6 30. Rg4 Rf5 31. b3 Be3 32. c4 1/2-1/2

[Event "Open A Befana"]
[Site "Milano ITA"]
[Date "2010.01.02"]
[Round "1"]
[White "Gaggino, Davide"]
[Black "Pace, Pietro Dario"]
[Result "0-1"]
[WhiteElo "1939"]
[BlackElo "2253"]
[PlyCount "102"]
[EventDate "2010.01.02"]

1. d4 c5 2. d5 d6 3. c4 e5 4. Nc3 g6 5. e4 Bg7 6. Be3 Nd7 7. Qd2 a6 8. a4 b6 9.
Bd3 Ndf6 10. f3 Nh5 11. Nge2 Ne7 12. g4 Nf6 13. Bh6 Kf8 14. Ng3 Neg8 15. Bxg7+
Kxg7 16. h4 h6 17. O-O-O Nh7 18. Rdg1 Bd7 19. b3 Kf8 20. Kc2 Nhf6 21. g5 Ne8
22. f4 exf4 23. Qxf4 Qe7 24. Re1 Qe5 25. Qxe5 dxe5 26. Nb1 hxg5 27. hxg5 Rxh1
28. Rxh1 Nd6 29. Nd2 Kg7 30. Nf3 Re8 31. Nf1 f6 32. gxf6+ Nxf6 33. Ng5 Nh5 34.
Nd2 Kh6 35. Ngf3 a5 36. Bf1 g5 37. Be2 g4 38. Ne1 Kg5 39. Nd3 Re7 40. Rg1 Nf4
41. Bd1 Nxd3 42. Kxd3 Rh7 43. Ke3 Rh3+ 44. Kf2 Kf4 45. Be2 Nf7 46. Bf1 Rh2+ 47.
Rg2 Rh8 48. Bd3 Ng5 49. Ke2 g3 50. Nf1 Bh3 51. Rg1 Nf3 0-1

[Event "Open A Befana"]
[Site "Milano ITA"]
[Date "2010.01.02"]
[Round "1"]
[White "Gagliardi, Christian"]
[Black "Faccio, Fabio"]
[Result "1-0"]
[WhiteElo "2222"]
[BlackElo "1937"]
[PlyCount "73"]
[EventDate "2010.01.02"]

1. e4 c5 2. Nf3 d6 3. d4 cxd4 4. Nxd4 Nf6 5. Nc3 a6 6. Qf3 Nbd7 7. h3 e6 8. g4
Be7 9. Be3 Ne5 10. Qg2 Qc7 11. g5 Nfd7 12. f4 Nc4 13. Bxc4 Qxc4 14. O-O-O b5
15. e5 d5 16. g6 hxg6 17. Nxe6 fxe6 18. Qxg6+ Kd8 19. Qxe6 Re8 20. Bb6+ Nxb6
21. Qxb6+ Qc7 22. Rxd5+ Bd7 23. Rxd7+ Kxd7 24. Rd1+ Kc8 25. Qe6+ Kb8 26. Nd5
Qc8 27. Qb6+ Qb7 28. Qg6 Rd8 29. Qe6 Bc5 30. f5 Qd7 31. Qg6 Be3+ 32. Nxe3 Qc7
33. Rxd8+ Qxd8 34. Qxg7 Ra7 35. Qg4 Rd7 36. e6 Rd4 37. e7 1-0

[Event "Open A Befana"]
[Site "Milano ITA"]
[Date "2010.01.02"]
[Round "1"]
[White "Marchini, Daniele"]
[Black "Jones, Alessandro"]
[Result "0-1"]
[WhiteElo "1802"]
[BlackElo "1967"]
[PlyCount "49"]
[EventDate "2010.01.02"]

1. d4 d5 2. c4 e6 3. Nc3 c6 4. e3 Bd6 5. Nf3 Nf6 6. Bd3 Nbd7 7. O-O O-O 8. Re1
dxc4 9. Bxc4 e5 10. Qb3 e4 11. Ng5 Bxh2+ 12. Kxh2 Ng4+ 13. Kg1 Qxg5 14. Nxe4
Qh4 15. Ng3 Ndf6 16. Bd2 Nxf2 17. Kxf2 Ne4+ 18. Ke2 Qxg3 19. Bb4 Bf5 20. Rf1
Qxg2+ 21. Kd1 Be6 22. Re1 c5 23. Re2 Qf1+ 24. Be1 Bg4 25. Qc2 0-1

[Event "Open A Befana"]
[Site "Milano ITA"]
[Date "2010.01.02"]
[Round "1"]
[White "Marinone, Lucio"]
[Black "Acunzo, Domenico"]
[Result "0-1"]
[WhiteElo "1997"]
[BlackElo "1806"]
[PlyCount "88"]
[EventDate "2010.01.02"]

1. d4 e6 2. c4 f5 3. g3 Nf6 4. Bg2 d5 5. Nh3 Bd6 6. O-O O-O 7. Qc2 c6 8. Bf4
Be7 9. Nd2 Ne4 10. Rad1 Nd7 11. f3 Nd6 12. e4 Nf7 13. Rfe1 Nf6 14. cxd5 exd5
15. e5 Nh5 16. Be3 g5 17. f4 gxf4 18. Nxf4 Nxf4 19. Bxf4 Be6 20. Nb3 Ng5 21.
Nc5 Bxc5 22. Qxc5 Ne4 23. Qb4 Rf7 24. Re3 h5 25. h4 Qf8 26. Qxf8+ Raxf8 27. b4
Rc8 28. a4 Kg7 29. Kf1 b6 30. Ke1 c5 31. bxc5 bxc5 32. dxc5 Rxc5 33. Ra3 Rc2
34. Bf3 Kg6 35. Rb3 Rfc7 36. Rb4 R7c3 37. Bxe4 fxe4 38. Rd2 Rc1+ 39. Kf2 Rf3+
40. Kg2 Rff1 41. Ra2 Rg1+ 42. Kh2 Rcf1 43. g4 Bxg4 44. Rg2 Rh1+ 0-1

[Event "Open A Befana"]
[Site "Milano ITA"]
[Date "2010.01.02"]
[Round "1"]
[White "Mintenko, Heorhiy"]
[Black "Vallone, Ugo"]
[Result "1-0"]
[WhiteElo "2167"]
[BlackElo "1919"]
[PlyCount "85"]
[EventDate "2010.01.02"]

1. Nf3 c6 2. c4 d5 3. g3 Nf6 4. Bg2 Qd6 5. d4 Qb4+ 6. Nbd2 dxc4 7. Qc2 b5 8.
O-O Bb7 9. e4 e6 10. b3 c3 11. a3 Qa5 12. b4 Qa4 13. Qxc3 a5 14. Rb1 Be7 15.
Ne5 O-O 16. d5 axb4 17. axb4 Rc8 18. dxe6 fxe6 19. Bh3 Re8 20. Bxe6+ Kf8 21.
Bf5 Qa2 22. Bb2 Na6 23. Ba1 Red8 24. Ndf3 c5 25. bxc5 b4 26. Qe3 Bxc5 27. Qg5
Bxf2+ 28. Kh1 Nc5 29. Rb2 Qxa1 30. Rxa1 Rxa1+ 31. Kg2 Bd4 32. Rxb4 Bxe4 33. Kh3
Bxf3 34. Nxf3 Bc3 35. Rb5 Rd5 36. Rb8+ Kf7 37. Qe3 Rxf5 38. Qxc3 Nce4 39. Rb7+
Kg6 40. Nh4+ Kh5 41. Qxa1 Rf2 42. Rxg7 Kh6 43. Qa7 1-0

[Event "Open A Befana"]
[Site "Milano ITA"]
[Date "2010.01.02"]
[Round "1"]
[White "Orsi, Matteo"]
[Black "Paganini, Andrea"]
[Result "1-0"]
[WhiteElo "1950"]
[BlackElo "1771"]
[PlyCount "29"]
[EventDate "2010.01.02"]

1. Nf3 Nf6 2. g3 d5 3. Bg2 Bf5 4. d3 c6 5. O-O e6 6. Nbd2 Bd6 7. Re1 e5 8. e4
dxe4 9. dxe4 Bg4 10. Nc4 Ke7 11. Ncxe5 Qc7 12. Nxg4 Nxg4 13. Nd4 Ne5 14. Nf5+
Kd7 15. Bh3 1-0

[Event "Open A Befana"]
[Site "Milano ITA"]
[Date "2010.01.02"]
[Round "1"]
[White "Papa, Angelo"]
[Black "Pelizzola, Danilo"]
[Result "0-1"]
[WhiteElo "1852"]
[BlackElo "2077"]
[PlyCount "83"]
[EventDate "2010.01.02"]

1. d4 Nf6 2. Nf3 g6 3. Nc3 Bg7 4. e4 d6 5. Be3 c6 6. Qd2 h6 7. O-O-O Qc7 8. Bd3
Nbd7 9. h3 b5 10. Kb1 Nb6 11. e5 Nfd5 12. Nxd5 Nxd5 13. exd6 Qxd6 14. Ne5 Be6
15. Rhe1 Nxe3 16. Qxe3 Bxe5 17. Qxe5 Qxe5 18. Rxe5 Bd5 19. Rde1 e6 20. g4 O-O-O
21. c3 Kc7 22. f4 a6 23. Kc2 c5 24. dxc5 Bxa2 25. f5 gxf5 26. gxf5 Rhg8 27. Be4
f6 28. Rxe6 Bxe6 29. fxe6 Rde8 30. Bf5 Rg5 31. Rf1 a5 32. h4 Rg3 33. Rd1 Re7
34. Rd6 Re3 35. Ra6 Re8 36. Rxa5 Re5 37. Bd3 Rxc5 38. b4 Kb6 39. Bg6 Rxe6 40.
Ra8 Rd5 41. Rb8+ Kc7 42. Bf7 0-1

[Event "Open A Befana"]
[Site "Milano ITA"]
[Date "2010.01.02"]
[Round "1"]
[White "Papale, Carmelo"]
[Black "Bozzali, Ermanno"]
[Result "0-1"]
[WhiteElo "1876"]
[BlackElo "2120"]
[PlyCount "202"]
[EventDate "2010.01.02"]

1. Nf3 Nf6 2. g3 b6 3. Bg2 Bb7 4. d3 d5 5. Nbd2 e6 6. O-O Be7 7. b3 O-O 8. Bb2
c5 9. e4 Nc6 10. Re1 Qc7 11. Qe2 Nb4 12. e5 Nd7 13. Nf1 Rac8 14. Ne3 d4 15. Nc4
b5 16. Na3 a6 17. c4 dxc3 18. Bxc3 Nc6 19. Bb2 Rfd8 20. Rac1 Qa5 21. Qd2 Nf8
22. Qxa5 Nxa5 23. Red1 Rd7 24. Nc2 Rcd8 25. d4 Ng6 26. Ne3 Bxf3 27. Bxf3 cxd4
28. Nc2 Nxe5 29. Be4 f5 30. Bg2 Ng4 31. h3 Nf6 32. Rxd4 Nd5 33. Rd3 Nc6 34. Re1
Ncb4 35. Nxb4 Bxb4 36. Rc1 Ne7 37. Rxd7 Rxd7 38. a3 Ba5 39. b4 Bb6 40. Rc2 Kf7
41. Kf1 g5 42. Ke2 h5 43. f4 gxf4 44. gxf4 Ng6 45. Bc1 Bc7 46. Bf3 Bxf4 47.
Bxh5 Rc7 48. Rxc7+ Bxc7 49. Bf3 Nf4+ 50. Bxf4 Bxf4 51. Bb7 Bc1 52. Bxa6 Bxa3
53. Bxb5 Bxb4 54. Kf3 Bd2 55. Bc6 Ke7 56. Bb7 Kd6 57. h4 Bh6 58. Bc8 Bc1 59. h5
Bh6 60. Bb7 Bc1 61. Bc8 Bg5 62. Bb7 Bc1 63. Bc8 Bh6 64. Bb7 Kc7 65. Ba6 Bc1 66.
Bd3 Kd6 67. Ba6 Ke5 68. Bc8 Kf6 69. Bd7 e5 70. Bc6 Kg5 71. Bd7 e4+ 72. Ke2 Kf6
73. Bc6 Ke5 74. Bb7 Bh6 75. Bc6 Bg5 76. Ba8 f4 77. Bb7 f3+ 78. Kf2 Kf4 79. Ba6
e3+ 80. Kf1 Bh6 81. Bd3 Bf8 82. Bc4 Ke5 83. Ba6 Kf4 84. Bb5 Kg5 85. Ba6 Kxh5
86. Bb5 Kg4 87. Ba6 Kf4 88. Bd3 Be7 89. Bc4 Bh4 90. Ba6 Ke5 91. Bb5 Kd4 92. Ba6
Kc3 93. Bb5 Kd2 94. Kg1 e2 95. Kh2 e1=Q 96. Bf1 Bg3+ 97. Kh3 Qxf1+ 98. Kxg3
Qg2+ 99. Kh4 f2 100. Kh5 f1=Q 101. Kh4 Qfh1# 0-1

[Event "Open A Befana"]
[Site "Milano ITA"]
[Date "2010.01.02"]
[Round "1"]
[White "Rossi, Giampiero"]
[Black "Gori, Andrea"]
[Result "0-1"]
[WhiteElo "1922"]
[BlackElo "2173"]
[PlyCount "68"]
[EventDate "2010.01.02"]

1. d4 Nf6 2. c4 c5 3. dxc5 e6 4. Nc3 Bxc5 5. Nf3 Qb6 6. e3 Be7 7. Be2 d6 8. O-O
Nbd7 9. a3 a6 10. b4 Qc7 11. Bb2 O-O 12. Rc1 b6 13. Qc2 Bb7 14. Rfd1 Rac8 15.
Qb1 Rfd8 16. h3 Nf8 17. Nd2 Ng6 18. f3 Nh4 19. Nf1 Rd7 20. e4 b5 21. Na2 bxc4
22. Rxc4 Qb8 23. Rxc8+ Bxc8 24. Bd4 Rc7 25. Rc1 e5 26. Bf2 Nh5 27. Rxc7 Qxc7
28. Qc1 Qd7 29. Be3 Ng6 30. Nc3 Nhf4 31. Qe1 Bh4 32. Bf2 Nxg2 33. Kxg2 Nf4+ 34.
Kh1 Qxh3+ 0-1

[Event "Open A Befana"]
[Site "Milano ITA"]
[Date "2010.01.02"]
[Round "1"]
[White "Santelli, Francesco"]
[Black "Parenti, Davide"]
[Result "0-1"]
[WhiteElo "1824"]
[BlackElo "2037"]
[PlyCount "188"]
[EventDate "2010.01.02"]

1. e4 d5 2. exd5 Nf6 3. d4 Nxd5 4. c4 Nb6 5. h3 Bf5 6. Nc3 e6 7. a3 Be7 8. Nf3
a5 9. Be3 O-O 10. Be2 c6 11. O-O N8d7 12. Re1 Qc7 13. c5 Nd5 14. Nxd5 exd5 15.
Qd2 Nf6 16. Bf4 Qd8 17. b4 Ne4 18. Qb2 axb4 19. axb4 Qd7 20. Ne5 Qe6 21. b5 Bh4
22. g3 Bg5 23. Bxg5 Nxg5 24. h4 f6 25. Nf3 Ne4 26. bxc6 bxc6 27. Nh2 Rab8 28.
Qa3 Qd7 29. g4 Be6 30. f3 Nd2 31. Qa7 Rb7 32. Qa6 Rfb8 33. Ra2 Nc4 34. Nf1 Bf7
35. Bd3 Qc7 36. Kg2 Qf4 37. Qxc6 Qxd4 38. Bxc4 dxc4 39. Rd2 Rb2 40. Ree2 Rxd2
41. Rxd2 Qf4 42. Qd7 c3 43. Rd4 Qe5 44. Re4 Qxc5 45. Re7 Rf8 46. Qc7 Rc8 47.
Qd7 Rf8 48. Qc7 Qb4 49. Ne3 Qb2+ 50. Kg3 Qc1 51. h5 Qg1+ 52. Kh3 Qf2 53. Qxc3
Qxf3+ 54. Kh2 Ra8 55. Qd2 Kf8 56. Rd7 Re8 57. Rd8 Qf4+ 58. Kh3 Qf3+ 59. Kh2
Qf4+ 60. Kh3 Qf3+ 61. Kh2 Qc6 62. Kh3 Qc7 63. Rxe8+ Bxe8 64. Nf5 Bf7 65. Qb4+
Kg8 66. Ne7+ Kh8 67. Nf5 Qd8 68. Kh4 g5+ 69. Kh3 Qd3+ 70. Kh2 Qe2+ 71. Kh3 Qf1+
72. Kg3 Qg1+ 73. Kh3 Qf1+ 74. Kg3 Qg1+ 75. Kh3 Qf1+ 76. Kg3 Qd3+ 77. Kh2 Qc2+
78. Kg3 Qb3+ 79. Qxb3 Bxb3 80. Kf2 Kg8 81. Nd4 Bd1 82. Kg3 Kf7 83. Nf5 Bc2 84.
Ne3 Be4 85. Kf2 Ke6 86. Kg3 f5 87. gxf5+ Bxf5 88. Nc4 Kd5 89. Ne3+ Ke4 90. Ng4
Bxg4 91. Kxg4 h6 92. Kg3 Kf5 93. Kf3 g4+ 94. Kg3 Kg5 0-1

[Event "Open A Befana"]
[Site "Milano ITA"]
[Date "2010.01.02"]
[Round "1"]
[White "Soncin, Denis"]
[Black "Paniga, Danilo"]
[Result "1-0"]
[WhiteElo "2038"]
[BlackElo "1845"]
[PlyCount "37"]
[EventDate "2010.01.02"]

1. e4 d6 2. d4 Nf6 3. Nc3 c6 4. Nf3 Bg4 5. Be2 e6 6. O-O d5 7. exd5 cxd5 8. Bf4
Nc6 9. Re1 Be7 10. h3 Bh5 11. g4 Bg6 12. Bd3 Rc8 13. Bxg6 hxg6 14. Kg2 a6 15.
Qd3 Bb4 16. Ng5 Nh7 17. Rxe6+ fxe6 18. Qxg6+ Kd7 19. Qxe6# 1-0

[Event "Open A Befana"]
[Site "Milano ITA"]
[Date "2010.01.02"]
[Round "1"]
[White "Tagliaferri, Valerio"]
[Black "Radice, Luca"]
[Result "1/2-1/2"]
[WhiteElo "1861"]
[BlackElo "2084"]
[PlyCount "110"]
[EventDate "2010.01.02"]

1. d4 d5 2. c4 e6 3. Nc3 Nf6 4. Bg5 Be7 5. e3 h6 6. Bh4 Ne4 7. Bxe7 Qxe7 8. Qc2
Nxc3 9. Qxc3 O-O 10. Rc1 c6 11. Nf3 Nd7 12. a3 Rd8 13. Bd3 Nf6 14. Qc2 Bd7 15.
O-O Be8 16. Ne5 Nd7 17. f4 Nf8 18. Qf2 Rac8 19. Rc3 f6 20. Nf3 Bg6 21. Bxg6
Nxg6 22. Rfc1 Qe8 23. Qc2 Ne7 24. c5 Ng6 25. h3 Qf7 26. Qf2 Rf8 27. g4 Qe8 28.
Qg3 e5 29. dxe5 fxe5 30. f5 e4 31. Nd4 Ne5 32. R3c2 Kh8 33. Kh1 Nd3 34. Ne6
Nxc1 35. Nxf8 Qxf8 36. Rxc1 Qf6 37. Qf2 Rd8 38. Rd1 Qe7 39. b4 Qe5 40. Rd4 b6
41. Kg2 bxc5 42. bxc5 Rb8 43. Qc2 g6 44. Rb4 Rxb4 45. axb4 gxf5 46. b5 fxg4 47.
hxg4 Qg7 48. Kh3 Qf6 49. b6 axb6 50. cxb6 Qf3+ 51. Kh2 Qxe3 52. Qxc6 Qf2+ 53.
Kh3 Qf3+ 54. Kh4 Qh1+ 55. Kg3 Qf3+ 1/2-1/2

[Event "Open A Befana"]
[Site "Milano ITA"]
[Date "2010.01.03"]
[Round "2"]
[White "Acunzo, Domenico"]
[Black "De Santis, Massimo"]
[Result "1/2-1/2"]
[WhiteElo "1806"]
[BlackElo "1893"]
[PlyCount "43"]
[EventDate "2010.01.02"]

1. e4 e5 2. f4 d5 3. exd5 exf4 4. Nf3 Nf6 5. Bc4 Bd6 6. d4 Qe7+ 7. Qe2 Qxe2+ 8.
Bxe2 Nxd5 9. O-O O-O 10. Bc4 Be6 11. Bb3 Ne3 12. Bxe3 Bxb3 13. axb3 fxe3 14.
Nc3 Nc6 15. Rae1 Rfe8 16. Nd5 f6 17. Rxe3 Nb4 18. Rxe8+ Rxe8 19. Nxb4 Bxb4 20.
c3 Bd6 21. Kf2 Bf4 22. Re1 1/2-1/2

[Event "Open A Befana"]
[Site "Milano ITA"]
[Date "2010.01.03"]
[Round "2"]
[White "Arboscelli, Gregorio"]
[Black "Attuati, Stefano"]
[Result "0-1"]
[WhiteElo "1885"]
[BlackElo "1812"]
[PlyCount "78"]
[EventDate "2010.01.02"]

1. d4 e6 2. c4 f5 3. Nf3 Nf6 4. g3 d5 5. Bg2 c6 6. O-O Bd6 7. b3 Qe7 8. Qc2 O-O
9. Bb2 Nbd7 10. Nbd2 Ne4 11. Ne5 Rf6 12. f3 Ng5 13. h4 Nf7 14. f4 Nh6 15. Bf3
Rf8 16. Nxd7 Bxd7 17. Kf2 Bxf4 18. gxf4 Ng4+ 19. Bxg4 Qxh4+ 20. Ke3 fxg4 21.
Nf3 Qg3 22. Kd2 gxf3 23. Rxf3 Qh2 24. Raf1 Be8 25. Ba3 Rf5 26. Bd6 dxc4 27.
Qxc4 Rd5 28. Be5 Rad8 29. R1f2 Qh6 30. e3 c5 31. Rg3 Bg6 32. Qe2 cxd4 33. Bxd4
Bh5 34. Qc4 b5 35. Qc3 e5 36. fxe5 Rxd4+ 37. Kc2 Qa6 38. Kb2 b4 39. Qc7 Qa3+
0-1

[Event "Open A Befana"]
[Site "Milano ITA"]
[Date "2010.01.03"]
[Round "2"]
[White "Barberi, Alessandro"]
[Black "Orsi, Matteo"]
[Result "1-0"]
[WhiteElo "2112"]
[BlackElo "1950"]
[PlyCount "71"]
[EventDate "2010.01.02"]

1. d4 c6 2. Nf3 d5 3. e3 Nf6 4. b3 a6 5. c4 e6 6. Nbd2 c5 7. Bb2 Nc6 8. a3 b6
9. Bd3 Bd6 10. O-O O-O 11. Qc2 cxd4 12. exd4 Bb7 13. c5 Bc7 14. Rae1 g6 15. b4
b5 16. Ne5 Bxe5 17. dxe5 Ng4 18. h3 Nh6 19. Nf3 Kg7 20. Bc1 Qd7 21. Bg5 Ng8 22.
Qd2 Nce7 23. Nh2 h6 24. Bf6+ Kh7 25. Ng4 Nf5 26. Rd1 Qc6 27. Qf4 h5 28. Bxf5
exf5 29. Rd3 fxg4 30. hxg4 Nxf6 31. exf6 d4 32. f3 hxg4 33. Kf2 g3+ 34. Kxg3 g5
35. Qxg5 Qc7+ 36. f4 1-0

[Event "Open A Befana"]
[Site "Milano ITA"]
[Date "2010.01.03"]
[Round "2"]
[White "Bertazzo, Giorgio"]
[Black "Tagliaferri, Valerio"]
[Result "1-0"]
[WhiteElo "2105"]
[BlackElo "1861"]
[PlyCount "72"]
[EventDate "2010.01.02"]

1. e4 e5 2. Nf3 Nc6 3. Nc3 Nf6 4. a3 a6 5. d4 exd4 6. Nxd4 Nxd4 7. Qxd4 d6 8.
g3 Be7 9. Bg2 O-O 10. Bf4 Rb8 11. O-O Re8 12. h3 Be6 13. Rad1 Qc8 14. Kh2 Nd7
15. Nd5 Bxd5 16. Qxd5 Nb6 17. Qd3 Bf6 18. b3 Nd7 19. Rfe1 Ne5 20. Qd2 Re7 21.
Be3 Qe6 22. f4 Nc6 23. a4 Rbe8 24. c4 b6 25. e5 dxe5 26. f5 Qd6 27. Qxd6 cxd6
28. Bxc6 Rc8 29. Be4 b5 30. cxb5 axb5 31. a5 Rc3 32. a6 Rxb3 33. a7 Rxa7 34.
Bxa7 Be7 35. Rb1 Ra3 36. Bb8 Ra8 1-0